| 000 -LEADER |
| fixed length control field |
01692cam a2200385 i 4500 |
| 001 - CONTROL NUMBER |
| control field |
21495157 |
| 005 - DATE AND TIME OF LATEST TRANSACTION |
| control field |
20241112103350.0 |
| 008 - FIXED-LENGTH DATA ELEMENTS--GENERAL INFORMATION |
| fixed length control field |
200409s2022 moua b 001 0 eng |
| 010 ## - LIBRARY OF CONGRESS CONTROL NUMBER |
| LC control number |
2020936664 |
| 020 ## - INTERNATIONAL STANDARD BOOK NUMBER |
| International Standard Book Number |
9780323640626 |
| Qualifying information |
(hardback) |
| 020 ## - INTERNATIONAL STANDARD BOOK NUMBER |
| International Standard Book Number |
9780323640633 |
| Qualifying information |
(Int. edition -- hardback) |
| 020 ## - INTERNATIONAL STANDARD BOOK NUMBER |
| Canceled/invalid ISBN |
9780323640640 |
| Qualifying information |
(ebook) |
| 040 ## - CATALOGING SOURCE |
| Original cataloging agency |
DLC |
| Language of cataloging |
eng |
| Description conventions |
rda |
| Transcribing agency |
DLC |
| Modifying agency |
NSHSPK |
| 042 ## - AUTHENTICATION CODE |
| Authentication code |
pcc |
| 050 00 - LIBRARY OF CONGRESS CALL NUMBER |
| Classification number |
RD31 |
| Item number |
.T473 2022 |
| 082 ## - DEWEY DECIMAL CLASSIFICATION NUMBER |
| Classification number |
617 |
| Author Mark |
SAB |
| 245 00 - TITLE STATEMENT |
| Title |
Sabiston textbook of surgery : |
| Remainder of title |
the biological basis of modern surgical practice / |
| Statement of responsibility, etc. |
[edited by] Courtney M. Townsend, Jr., MD, Professor, Robertson-Poth Distinguished Chair in General Surgery, Department of Surgery, The University of Texas Medical Branch, Galveston, Texas [and 3 others]. |
| 246 30 - VARYING FORM OF TITLE |
| Title proper/short title |
Textbook of surgery |
| 250 ## - EDITION STATEMENT |
| Edition statement |
21st edition. |
| 264 #1 - PRODUCTION, PUBLICATION, DISTRIBUTION, MANUFACTURE, AND COPYRIGHT NOTICE |
| Place of production, publication, distribution, manufacture |
St. Louis, Missouri : |
| Name of producer, publisher, distributor, manufacturer |
Elsevier, |
| Date of production, publication, distribution, manufacture, or copyright notice |
[2022] |
| 300 ## - PHYSICAL DESCRIPTION |
| Extent |
xxviii, 2147 pages : |
| Other physical details |
color illustrations ; |
| Dimensions |
29 cm |
| 336 ## - CONTENT TYPE |
| Content type term |
text |
| Content type code |
txt |
| Source |
rdacontent |
| 337 ## - MEDIA TYPE |
| Media type term |
unmediated |
| Media type code |
n |
| Source |
rdamedia |
| 338 ## - CARRIER TYPE |
| Carrier type term |
volume |
| Carrier type code |
nc |
| Source |
rdacarrier |
| 504 ## - BIBLIOGRAPHY, ETC. NOTE |
| Bibliography, etc. note |
Includes bibliographical references and index. |
| 650 #0 - SUBJECT ADDED ENTRY--TOPICAL TERM |
| Topical term or geographic name entry element |
Surgery |
| Form subdivision |
Examinations, questions, etc. |
| 9 (RLIN) |
125816 |
| 700 1# - ADDED ENTRY--PERSONAL NAME |
| Personal name |
Townsend, Courtney M., |
| Titles and other words associated with a name |
Jr., |
| Relator term |
editor. |
| 9 (RLIN) |
126880 |
| 700 1# - ADDED ENTRY--PERSONAL NAME |
| Personal name |
Evers, B. Mark, |
| Relator term |
editor. |
| 9 (RLIN) |
126881 |
| 700 1# - ADDED ENTRY--PERSONAL NAME |
| Personal name |
Beauchamp, R. Daniel, |
| Relator term |
editor. |
| 9 (RLIN) |
126882 |
| 700 1# - ADDED ENTRY--PERSONAL NAME |
| Personal name |
Mattox, Kenneth L. |
| 9 (RLIN) |
126883 |
| 906 ## - LOCAL DATA ELEMENT F, LDF (RLIN) |
| a |
7 |
| b |
cbc |
| c |
orignew |
| d |
2 |
| e |
epcn |
| f |
20 |
| g |
y-gencatlg |
| 942 ## - ADDED ENTRY ELEMENTS (KOHA) |
| Source of classification or shelving scheme |
|
| Koha item type |
Book |